Cruce : Semanario Informativo del ITESO : año IV, número 183 : 28 de julio de 2003 /

Sparad:
Bibliografiska uppgifter
Institutionellt upphov: ITESO. Rectoría. Oficina de Comunicación Social
Övriga upphov: Romero, Leonardo (edición) (edición), Zaragoza Ibarra, Nayeli (colaboración) (colaboración), Gómez Fregoso, Jesús (texto) (texto)
Materialtyp: Okänd
Språk:spanska
Utgiven: Guadalajara, México : ITESO, Rectoría, Oficina de Comunicación Social, 2003, c2003
Serie:(Cruce: Semanario Semanario Informativo del ITESO ; 183)
(Cruce: Semanario del ITESO ; 183)
Ämnen:
Taggar: Lägg till en tagg
Inga taggar, Lägg till första taggen!

MARC

LEADER 00000c**#a2200000ua#4500
001 000621011
005 20250917000000.0
008 250829 20032003
009 20260310133850.24
025 |a Donación Juan Lafarga Corona, 1 ejemplar 
037 |a Acervo Xavier Clavigero 
041 |a ESP 
091 |a FLC. 01424 
110 |a ITESO.  |b Rectoría. Oficina de Comunicación Social 
240 1 1 |a [Cruce: Semanario del ITESO] 
240 1 1 |a [Cruce: Semanario del ITESO: año 4: 2002-2003] 
245 1 0 |a Cruce :  |b Semanario Informativo del ITESO : año IV, número 183 : 28 de julio de 2003 /  |c Ed. L. Romero ; responsable de información N. Zaragoza Ibarra. 
264 4 |a Guadalajara, México :  |b ITESO, Rectoría, Oficina de Comunicación Social,  |c 2003, c2003 
300 |a 4 p. +  |e 1 encarte 
336 |a texto  |b txt  |2 rdacontenido 
337 |a sin mediación  |b n  |2 rdamedio 
338 |a volumen  |b nc  |2 rdasoporte 
440 1 |a (Cruce: Semanario Semanario Informativo del ITESO ;  |v 183) 
440 1 |a (Cruce: Semanario del ITESO ;  |v 183) 
649 |a XX 
650 |a Jesuitas en la Educación -  |z Guadalajara, Jalisco -  |x Publicaciones Periódicas 
650 |a Jesuitas en la Educación -  |z Guadalajara, Jalisco -  |x Historia -  |y 2000-2006 
650 |a Jesuitas en la Educación -  |z Guadalajara, Jalisco -  |x Historia -  |y Siglo XXI 
650 |a Jesuitas en la Educación -  |z México -  |x Publicaciones Periódicas 
650 |a Jesuitas en la Educación -  |z México -  |x Historia -  |y 2000-2006 
650 |a Jesuitas en la Educación -  |z México -  |x Historia -  |y Siglo XXI 
650 |a Jesuitas en la Educación -  |x Publicaciones Periódicas Jaliscienses 
650 |a Jesuitas en la Educación -  |x Publicaciones Periódicas Mexicanas 
650 |a Jesuitas en la Música -  |x Historia y Crítica 
650 |a ITESO -  |x Publicaciones Periódicas -  |x Tema Principal 
650 |a ITESO -  |x Historia -  |y 2002-2008 -  |x Tema Principal 
650 |a ITESO -  |x Historia -  |y 2000-2006 -  |x Tema Principal 
650 |a ITESO -  |x Historia -  |y Siglo XXI 
650 |a Universidades Católicas -  |z Guadalajara, Jalisco -  |x Publicaciones Periódicas 
650 |a Universidades Católicas -  |z Guadalajara, Jalisco -  |x Historia -  |y 2000-2006 
650 |a Universidades Católicas -  |z Guadalajara, Jalisco -  |x Historia -  |y Siglo XXI 
650 |a Universidades Católicas -  |z México -  |x Publicaciones Periódicas 
650 |a Universidades Católicas -  |z México -  |x Historia -  |y 2000-2006 
650 |a Universidades Católicas -  |z México -  |x Historia -  |y Siglo XXI 
650 |a Universidades Privadas -  |z Guadalajara, Jalisco -  |x Publicaciones Periódicas 
650 |a Universidades Privadas -  |z Guadalajara, Jalisco -  |x Historia -  |y 2000-2006 
650 |a Universidades Privadas -  |z Guadalajara, Jalisco -  |x Historia -  |y Siglo XXI 
650 |a Universidades Privadas -  |z México -  |x Publicaciones Periódicas 
650 |a Universidades Privadas -  |z México -  |x Historia -  |y 2000-2006 
650 |a Universidades Privadas -  |z México -  |x Historia -  |y Siglo XXI 
650 |a Universidades -  |z Guadalajara, Jalisco -  |x Publicaciones Periódicas 
650 |a Universidades -  |z Guadalajara, Jalisco -  |x Historia -  |y 2000-2006 
650 |a Universidades -  |z Guadalajara, Jalisco -  |x Historia -  |y Siglo XXI 
650 |a Universidades -  |z México -  |x Publicaciones Periódicas 
650 |a Universidades -  |z México -  |x Historia -  |y 2000-2006 
650 |a Universidades -  |z México -  |x Historia -  |y Siglo XXI 
650 |a Educación Superior -  |z Guadalajara, Jalisco -  |x Publicaciones Periódicas 
650 |a Educación Superior -  |z Guadalajara, Jalisco -  |x Historia -  |y 2000-2006 
650 |a Educación Superior -  |z Guadalajara, Jalisco -  |x Historia -  |y Siglo XXI 
650 |a Educación Superior -  |z México -  |x Publicaciones Periódicas 
650 |a Educación Superior -  |z México -  |x Historia -  |y 2000-2006 
650 |a Educación Superior -  |z México -  |x Historia -  |y Siglo XXI 
650 |a Eduación Superior -  |x Publicaciones Periódicas Jaliscienses 
650 |a Eduación Superior -  |x Publicaciones Periódicas Mexicanas 
650 |a Educación Privada -  |z Guadalajara, Jalisco -  |x Publicaciones Periódicas 
650 |a Educación Privada -  |z Guadalajara, Jalisco -  |x Historia -  |y 2000-2006 
650 |a Educación Privada -  |z Guadalajara, Jalisco -  |x Historia -  |y Siglo XXI 
650 |a Educación Privada -  |z México -  |x Publicaciones Periódicas 
650 |a Educación Privada -  |z México -  |x Historia -  |y 2000-2006 
650 |a Educación Privada -  |z México -  |x Historia -  |y Siglo XXI 
650 |a Eduación Privada -  |x Publicaciones Periódicas Jaliscienses 
650 |a Eduación Privada -  |x Publicaciones Periódicas Mexicanas 
650 |a Educación -  |z Guadalajara, Jalisco -  |x Publicaciones Periódicas 
650 |a Educación -  |z Guadalajara, Jalisco -  |x Historia -  |y 2000-2006 
650 |a Educación -  |z Guadalajara, Jalisco -  |x Historia -  |y Siglo XXI 
650 |a Educación -  |z México -  |x Publicaciones Periódicas 
650 |a Educación -  |z México -  |x Historia -  |y 2000-2006 
650 |a Educación -  |z México -  |x Historia -  |y Siglo XXI 
650 |a Educación -  |x Publicaciones Periódicas Jaliscienses 
650 |a Educación -  |x Publicaciones Periódicas Mexicanas 
650 |a Educación -  |x Publicaciones Periódicas -  |x Tema Principal 
650 |a Comunicación Institucional -  |z Guadalajara, Jalisco -  |x Publicaciones Periódicas 
650 |a Comunicación Institucional -  |z México -  |x Publicaciones Periódicas 
650 |a Comunicación Institucional -  |x Publicaciones Periódicas Jaliscienses 
650 |a Comunicación Institucional -  |x Publicaciones Periódicas Mexicanas 
650 |a Comunicación Institucional -  |x Publicaciones Periódicas 
650 |a Publicaciones Periódicas Jaliscienses 
650 |a Publicaciones Periódicas Mexicanas 
650 |a Publicaciones Periódicas 
650 |a Velasco Rivero, Pedro Juan de 
700 |a Romero, Leonardo  |e (edición) 
700 |a Zaragoza Ibarra, Nayeli  |e (colaboración) 
700 |a Gómez Fregoso, Jesús  |e (texto) 
740 0 |a Música barroca en el ITESO :  |b 46 años de servicio : 31 de julio de 1957 - 31 de julio de 2003 /  |c Texto de J. Gómez Fregoso. 
910 |a Fondo Juan Lafarga Corona S.J. 
920 |a Impresos - Libros 
930 |a Fondos Especiales 
940 |a Jesuitas 
905 |a 145 
901 |a 621011-10  |b IT2  |c ESL  |i D  |u 20250917 
901 |a 621011-20  |b IT2  |c ESL  |i D  |u 20250917 
902 |a https://opac.biblio.iteso.mx/vufind/Record/000621011